| 000 | 00395nam a2200145Ia 4500 | ||
|---|---|---|---|
| 008 | 210210b2000 xxu||||| |||| 00| 0 eng d | ||
| 020 | _a81 7371 324 3 | ||
| 082 | _a658.45 ROLC | ||
| 100 | _aROLAND & BEE (Frances). | ||
| 245 | _aConstrructive feedback. | ||
| 260 |
_aHyderabad _bUniversities Press (India) Ltd. _c2000 |
||
| 300 | _aix,68 | ||
| 690 | _aExecutive Management | ||
| 906 | _aSG03662 | ||
| 999 |
_c114677 _d114677 |
||